000 01127nam a2200373 i 4500
003 CtWfDGI
020 _a9781845930332
040 _aCtWfDGI
_cCtWfDGI
082 0 4 _a338.1
245 0 0 _aPolicy reform and adjustment in the agricultural sectors of developed countries
260 _aUK
_bCAB International
_c2006
300 _a1 online resource (xviii, 279 pages) :
500 _aCAB International
546 _aEnglish
650 0 _aAgriculture and state
650 0 _aAgriculture
650 0 _aEconomic stabilization
650 0 _aAgriculture
650 0 _aAgriculture and state
650 0 _aEconomic stabilization
650 4 _aAgricultural Economics.
650 4 _aPolicy and Planning.
650 4 _aStructure, Ownership and Tenure.
650 7 _aAgricultural policy.
650 7 _aAgricultural sector.
650 7 _aAgriculture structure.
650 7 _aStructural adjustment.
650 7 _aStructural change.
650 7 _aTransition economies.
700 1 _aHill, Berkeley,
700 1 _aBlandford, David,
856 4 0 _uhttp://dx.doi.org/10.1079/9781845930332.0000
942 _2ddc
_cEB
999 _c140786
_d140786